Statistics for French citizens in Africa

Click here to take the quiz!

General Stats

  • This quiz has been taken 139 times
  • The average score is 16 of 20

Answer Stats

French communityCountry% Correct
28 287Algeria
97%
41 129Morocco
95%
19 995Tunisia
95%
4 443Mali
93%
16 817Senegal
93%
6 381Egypt
87%
13 094Cote d'Ivoire
86%
2 524Democratic Republic of the Congo
78%
4 512Republic of the Congo
78%
5 881Cameroon
77%
1 926Mauritania
77%
7 054South Africa
77%
10 960Gabon
76%
2 158Guinea
76%
3 587Benin
71%
19 930Madagascar
70%
3 325Burkina Faso
69%
2 858Togo
69%
4 901Djibouti
62%
9 109Mauritius
53%

Score Distribution

Percentile by Number Answered

Percent of People with Each Score

Your Score History

You have not taken this quiz